The historical-critical method / (Record no. 3268)

MARC details
000 -LEADER
fixed length control field 00796cam a2200277 a 4500
001 - CONTROL NUMBER
control field 51167
003 - CONTROL NUMBER IDENTIFIER
control field GBCCL
005 - DATE AND TIME OF LATEST TRANSACTION
control field 20241126110451.0
008 - FIXED-LENGTH DATA ELEMENTS--GENERAL INFORMATION
fixed length control field 750922s1975 pau b 000 0 eng
010 ## -
-- 74026345 //r85
020 ## - INTERNATIONAL STANDARD BOOK NUMBER
International Standard Book Number 0800604601 :
Terms of availability $2.75
035 ## - SYSTEM CONTROL NUMBER
System control number (OCoLC)01611809
040 ## - CATALOGING SOURCE
Original cataloging agency DLC
Transcribing agency DLC
Modifying agency LBB
049 ## -
-- LBBK
-- LBBT
-- LBBC
-- LBBA
050 0# -
-- BS476
-- .K73
082 0# - DEWEY DECIMAL CLASSIFICATION NUMBER
Classification number 220.67
Item number KRE
090 ## - LOCALLY ASSIGNED LC-TYPE CALL NUMBER (OCLC); LOCAL CALL NUMBER (RLIN)
Classification number (OCLC) (R) ; Classification number, CALL (RLIN) (NR) BS476
Local cutter number (OCLC) ; Book number/undivided call number, CALL (RLIN) .K73
100 1# - MAIN ENTRY--PERSONAL NAME
Personal name Krentz, Edgar.
9 (RLIN) 6714
245 14 - TITLE STATEMENT
Title The historical-critical method /
Statement of responsibility, etc. by Edgar Krentz.
260 ## - PUBLICATION, DISTRIBUTION, ETC.
Place of publication, distribution, etc. Philadelphia :
Name of publisher, distributor, etc. Fortress Press,
Date of publication, distribution, etc. c1975.
300 ## - PHYSICAL DESCRIPTION
Extent vi, 88 p. ;
Dimensions 22 cm.
440 #0 - SERIES STATEMENT/ADDED ENTRY--TITLE
Title Guides to biblical scholarship.
9 (RLIN) 6715
504 ## - BIBLIOGRAPHY, ETC. NOTE
Bibliography, etc. note Includes bibliographical references.
630 00 - SUBJECT ADDED ENTRY--UNIFORM TITLE
Uniform title Bible
General subdivision Hermeneutics.
9 (RLIN) 1790
942 ## - ADDED ENTRY ELEMENTS (KOHA)
Source of classification or shelving scheme Dewey Decimal Classification
Koha item type Books
Holdings
Withdrawn status Lost status Source of classification or shelving scheme Damaged status Not for loan Home library Current Library Shelving location Date acquired Total checkouts Full call number Barcode Date last seen Copy number Price effective from Koha item type
    Dewey Decimal Classification     GRACE BIBLE COLLEGE GRACE BIBLE COLLEGE Biblical Studies 2017-11-23   220.67 KRE 007343 2025-05-01 c.1 2017-11-23 Books
© Grace Bible College Library 2025